Guinness World Records 2026. (Record no. 13791)
[ view plain ]
| 000 -LEADER | |
|---|---|
| fixed length control field | 00926cam a22002175a 4500 |
| 020 ## - ISBN | |
| ISBN | 9781913484811 |
| 082 04 - DEWEY DECIMAL CLASSIFICATION NUMBER | |
| Classification number | 032.02 G9645 2025 |
| 110 2# - MAIN ENTRY--CORPORATE NAME | |
| Corporate name or jurisdiction name as entry element | Guinness World Records Limited. |
| 245 00 - TITLE STATEMENT | |
| Title | Guinness World Records 2026. |
| 300 ## - PHYSICAL DESCRIPTION | |
| Extent/Page number | 255 pages : |
| Other physical details | illustrations (chiefly color), color photographs ; |
| Dimensions | 31 cm |
| 337 ## - MEDIA TYPE | |
| Media type term | unmediated |
| Media type code | n |
| 520 ## - SUMMARY, ETC. | |
| Summary, etc. | The 2026 edition celebrates the 70th anniversary of Guinness World Records, featuring thousands of facts and feats, jaw-dropping nature, human heroes, and tips to inspire readers to attempt their own record-breaking challenges.-- |
| Assigning source | Provided by publisher. |
| 526 ## - STUDY PROGRAM INFORMATION NOTE | |
| PROGRAM TYPE | REFERENCE |
| SUB-PROGRAM TYPE | Miscellany of history |
| 650 #0 - SUBJECT ADDED ENTRY--TOPICAL TERM | |
| Topical term or geographic name as entry element | World records -- 21st century |
| 650 #0 - SUBJECT ADDED ENTRY--TOPICAL TERM | |
| Topical term or geographic name as entry element | World records — Miscellanea |
| 650 #0 - SUBJECT ADDED ENTRY--TOPICAL TERM | |
| Topical term or geographic name as entry element | Curiosities and wonders. |
| 650 #0 - SUBJECT ADDED ENTRY--TOPICAL TERM | |
| Topical term or geographic name as entry element | Questions and answers. |
| 650 #7 - SUBJECT ADDED ENTRY--TOPICAL TERM | |
| Topical term or geographic name as entry element | REFERENCE / Curiosities & Wonders. |
| 650 #7 - SUBJECT ADDED ENTRY--TOPICAL TERM | |
| Topical term or geographic name as entry element | REFERENCE / Yearbooks & Annuals. |
| 942 ## - ADDED ENTRY ELEMENTS | |
| Classification | |
| Item type | Book |
| Withdrawn status | Lost status | Source of classification or shelving scheme | Damaged status | Not for loan | Collection code | Permanent Location | Current Location | Shelving location | Date acquired | Source of acquisition | Cost, normal purchase price | Full call number | Barcode | Date last seen | Cost, replacement price | Price effective from | Item type |
|---|---|---|---|---|---|---|---|---|---|---|---|---|---|---|---|---|---|
| Reference | Grade School Library | Grade School Library | Reference | 2026-01-29 | MIBF | 1399.00 | 032.02 G9645 2025 | GS5770 | 2026-01-29 | 1500.00 | 2026-01-29 | Book |